Sports Quiz

Random Sports or Clickable Quiz

Quick Pick: 1896 Olympic Sports Quiz Stats

 Plays Quiz not verified by Sporcle

Also try: NBA Teams
Challenge
Share
Tweet
Embed
Score 0/9 Timer 00:30
0 Plays Today
% Correct
Athletics-Track & Field
93.9%
Fencing
84.1%
Wrestling
83.3%
Swimming
82.6%
Weightlifting
73.5%
Gymnastics
69.7%
Shooting
66.7%
Cycling
60.6%
Tennis
50%

You're not logged in!

Compare scores with friends on all Sporcle quizzes.
Join for Free
OR
Log In

You Might Also Like...

Show Comments

Extras

Top Quizzes Today


Score Distribution

Your Account Isn't Verified!

In order to create a playlist on Sporcle, you need to verify the email address you used during registration. Go to your Sporcle Settings to finish the process.

Report this User

Report this user for behavior that violates our Community Guidelines.

Details: